Score 0/10 Timer 01:00
0 Plays Today
% Correct
Michael Crichton
87.8%
John Grisham
87.8%
Stephen King
84.6%
Helen Fielding
71.7%
David Foster Wallace
60.9%
Barbara Kingsolver
58.3%
Jon Krakauer
57.5%
Philip Pullman
57.1%
Lois Lowry
56.3%
Louis Sachar
53.7%

Today's Daily Dose

Remove Ads.
Support Sporcle.
Get the best of Sporcle when you Go Orange. This ad-free experience offers more features, more stats, and more fun while also helping to support Sporcle. Thank you for becoming a member.

You're not logged in!

Compare scores with friends on all Sporcle quizzes.
OR
Log In

Show Comments

Extras

Top Quizzes Today


Score Distribution

Your Account Isn't Verified!

In order to create a playlist on Sporcle, you need to verify the email address you used during registration. Go to your Sporcle Settings to finish the process.

Report this User

Report this user for behavior that violates our Community Guidelines.

Details: